| 000 | 00414nam a22001697a 4500 | ||
|---|---|---|---|
| 005 | 20250124190102.0 | ||
| 008 | 250124b |||||||| |||| 00| 0 eng d | ||
| 020 | _a0879014003 | ||
| 050 | _aBF121MYE | ||
| 100 | _aMYERS, DAVID G. | ||
| 245 | _aPSYCHOLOGY | ||
| 250 | _a2ND EDITION | ||
| 260 |
_aNEW YORK _bWORTH PUB. _c1986 |
||
| 300 | _a623P.,XXVI | ||
| 500 | _aILLUS.,GLOSSARY,REF.,INDEX | ||
| 942 |
_2lcc _cBK _n0 |
||
| 999 |
_c3044 _d3044 |
||